Around classification theory of models

Saved in:
Bibliographic Details
Main Author: Shelah, Saharon
Format: Book
Language:English
Published: Berlin : Springer-Verlag, c1986
Series:Lecture notes in mathematics (Springer-Verlag) ; 1182
Subjects:
Tags: Add Tag
No Tags, Be the first to tag this record!

MARC

LEADER 00000nam a2200000 i 4500
001 1/63607
008 941103s1986 eng d
020 |a 3-540-16448-0 
035 |a 1993  |l 10046817 
040 |a GR-MY-UA  |b gre  |e aacr 
041 0 |a eng 
082 0 |a 511.8 
100 1 |a Shelah, Saharon. 
245 1 0 |a Around classification theory of models /  |c Saharon Shelah 
260 |a Berlin :   |b Springer-Verlag,   |c c1986 
300 |a v, 279 p.;  |c 25 cm. 
490 1 |a Lecture notes in mathematics (Springer-Verlag)  |v ; 1182 
500 |a Includes bibliographical references 
650 0 0 |a Model theory. 
650 0 0 |a Set theory. 
830 0 |a Lecture notes in mathematics (Springer-Verlag)  |v ; 1182 
852 |a INST  |b SAMOS  |e 19941103  |h 511.8 SHE  |p 005300008204  |q 005300008204  |t BK  |y 0 
909 |a Σ  |b 029021